=LDR 00000nam 2200000 4500 =001 INLIS000000000016886 =005 20250526094713 =035 ##$$a 0010-061300000016886 =008 250526################g##########0#ind## =041 ##$$a Ind =082 ##$$a 028.5 =090 ##$$a 028.5, Rah b =100 ##$$a Rahayubakti =245 1#$$a Beternak bebek pedaging tanpa mengganggu lingkungan, Rr. Rahayubakti /$c Rahayubakti =260 ##$$a Jakarta :$b Wanda Putra Persada,$c 2002 =300 ##$$a iv, 103 hlm, : $b ilus ; $c 21 x 15 cm =650 #4$$a Bacaan Anak dan remaja =850 ##$$a NBPNMAT =084 ##$$a 028.5 RAH b